| 000 | 00818cam a2200265 i 4500 | ||
|---|---|---|---|
| 001 | 35066 | ||
| 003 | BD-RjUL | ||
| 005 | 20211209052244.0 | ||
| 008 | 140520s1977 fr af i000 0 eng | ||
| 020 | _a9231014706 | ||
| 035 | _a(BD-RjUL)35160 | ||
| 040 |
_aDLC _cDLC _dBD-RjUL _beng |
||
| 041 | _aeng | ||
| 082 | 0 | 0 |
_a354.850085 _bCUL 1977 |
| 110 | 1 |
_aPeru. _bInstituto Nacional de Cultura. _9106782 |
|
| 245 | 1 | 0 |
_aCultural policy in Peru / _cprepared by the National Institute of Culture. |
| 260 |
_aParis : _bUnesco, _c1977. |
||
| 300 |
_a70 p., [2] leaves of plates : _bill. ; _c24 cm. |
||
| 650 | 0 |
_aArts _zPeru _xManagement. _9106777 |
|
| 710 | 2 |
_aUnesco. _9106778 |
|
| 942 |
_2ddc _cBK |
||
| 999 |
_c35066 _d35066 |
||